Statistics for NBA Most Buzzer Beaters

Click here to take the quiz!

General Stats

  • This quiz has been taken 88 times
  • The average score is 4 of 10

Answer Stats

HintAnswer% Correct
7LeBron James
97%
9Michael Jordan
93%
8Kobe Bryant
90%
5Dwyane Wade
42%
8Joe Johnson
40%
7Paul Pierce
25%
5Kevin Garnett
14%
5Vince Carter
12%
5Gilbert Arenas
5%
5Andre Iguodala
3%

Score Distribution

Percentile by Number Answered

Percent of People with Each Score

Your Score History

You have not taken this quiz